000 01186cam a22003497a 4500
003 CHAP
005 20220817042000.0
008 971013s1973 r 00010 d
010 _a30800
011 _a31772
035 _a35884
040 _cCHAP
082 _a080
_bS4 v.98
100 0 0 _aCosío Villegas, Daniel.
_928458
245 1 3 _aLa constitución de 1857 y sus críticos
260 _aMéxico :
_bSecretaría de Educación Pública,
_c1973
300 _a205 p.
490 0 _aSEP. Setentas
_v; 98
590 _aBATCH-UPD
_b10
_c20130110
_lUCH01
_h0137
590 _aBATCH-UPD
_b10
_c20130110
_lUCH01
_h0902
590 _aBATCH-UPD
_b10
_c20130409
_lUCH01
_h2134
590 _aBATCH-UPD
_b10
_c20130410
_lUCH01
_h0531
590 _aBATCH-UPD
_b10
_c20130914
_lUCH01
_h1052
590 _aCONVERSION
_b10
_c20130109
_lUCH01
_h1317
650 1 4 _aMéxico
_xConstitución.
_976735
650 1 4 _aMéxico
_xHistoria constitucional.
_976773
830 0 _aSEP. Setentas
_v; 98
901 _aBK
942 _cLIBRO
949 _a080 S4 v.98
_bBC
_cLIBRO
_d33724000306890
_eLIBRO
_h29128
_i35884
_mD
_si
_t10.00
949 _a080 S4 v.98
_bBC
_cLIBRO
_d33724000306940
_eLIBRO
_fc.2
_h29129
_i35884
_mD
_si
_t10.00
999 _c30800
_d30800